Demografía histórica en España

محفوظ في:
التفاصيل البيبلوغرافية
المؤلفون الرئيسيون: Pérez Moreda, Vicente (مؤلف), Reher, David-Sven (مؤلف)
التنسيق: كتاب
اللغة:الإسبانية
منشور في: Madrid El Arquero 1988
سلاسل:Textos Universitarios
الموضوعات:
الوسوم: إضافة وسم
لا توجد وسوم, كن أول من يضع وسما على هذه التسجيلة!

MARC

LEADER 00000nam a2200000 a 4500
001 UCL4859
003 CL-VaPUC
008 040227e19880000SP |||||||||||||||||spa|d
020 |a 8486902037 
082 0 4 |a 304.6  |b PER  |2 21 
100 0 |a Pérez Moreda, Vicente  |e author  |9 482546 
700 0 |a Reher, David-Sven  |e author  |9 482547 
245 1 0 |a Demografía histórica en España 
300 |a 607 p 
942 |c BK 
945 |d 20040227 00:00:00  |a cmena 
260 |a Madrid  |b El Arquero  |c 1988 
650 7 |a DEMOGRAFIA HISTORICA  |2 CL-VaPUC  |9 322344 
650 0 |a Población  |9 257577 
651 0 |a España  |9 254926 
583 |a last modification  |c 20040227 00:00:00  |k Rodrigo Vera 
490 0 |a Textos Universitarios 
999 |c 307616  |d 307614 
952 |0 0  |1 0  |4 0  |6 304_600000000000000_PER_1988  |7 0  |8 A  |9 373658  |a BIBHIS  |b BIBHIS  |d 2019-11-21  |i 3986446  |o 304.6 PER 1988  |p 3986446  |r 2025-01-20  |w 2019-11-21  |y BK  |k HIS